Le principe de raison
Αποθηκεύτηκε σε:
| Μορφή: | Βιβλίο |
|---|---|
| Γλώσσα: | Γαλλικά |
| Έκδοση: |
París
Gallimard
1962
|
| Σειρά: | Classiques de la Philosophie
|
| Θέματα: | |
| Ετικέτες: |
Προσθήκη ετικέτας
Δεν υπάρχουν, Καταχωρήστε ετικέτα πρώτοι!
|
MARC
| LEADER | 00000nam a2200000 a 4500 | ||
|---|---|---|---|
| 001 | UCZ3042 | ||
| 003 | CL-VaPUC | ||
| 008 | 951013e19620000FR |||||||||||||||||fre|d | ||
| 082 | 0 | 4 | |a 142.7 |b HEI |2 21 |
| 245 | 1 | 3 | |a Le principe de raison |
| 300 | |a 270 p | ||
| 942 | |c BK | ||
| 945 | |d 19951013 00:00:00 |a cmena | ||
| 260 | |a París |b Gallimard |c 1962 | ||
| 650 | 0 | |a Existencialismo |9 265698 | |
| 650 | 0 | |a Lógica |9 256849 | |
| 650 | 0 | |a Razón |9 314475 | |
| 650 | 0 | |a Escuelas filosóficas |9 266232 | |
| 650 | 0 | |a Filosofía alemana |9 265002 | |
| 583 | |a last modification |c 19951013 00:00:00 |k Rodrigo Vera | ||
| 490 | 0 | |a Classiques de la Philosophie | |
| 999 | |c 239571 |d 239569 | ||
| 952 | |0 0 |1 0 |4 0 |6 142_700000000000000_HEI_1962 |7 0 |8 P |9 250823 |a BIBEDU |b BIBEDU |c BIBEDU_PB |d 2019-11-18 |i 1583328 |o 142.7 HEI 1962 |p 1583328 |r 2024-01-25 |w 2019-11-18 |y BK |k FIL | ||